Textual sources for the study of islam (Record no. 589175)

MARC details
000 -LEADER
fixed length control field 00732nam a2200253Ia 4500
003 - CONTROL NUMBER IDENTIFIER
control field OSt
005 - DATE AND TIME OF LATEST TRANSACTION
control field 20220925231709.0
008 - FIXED-LENGTH DATA ELEMENTS--GENERAL INFORMATION
fixed length control field 220923b |||||||| |||| 00| 0 eng d
037 ## - SOURCE OF ACQUISITION
Terms of availability General Book
040 ## - CATALOGING SOURCE
Original cataloging agency RTL
Transcribing agency RTL
Language of cataloging eng
041 ## - LANGUAGE CODE
Source of code eng
Language code of text/sound track or separate title eng
100 ## - MAIN ENTRY--PERSONAL NAME
Personal name Rippin Andrew Ed.
9 (RLIN) 144087
245 #0 - TITLE STATEMENT
Title Textual sources for the study of islam
260 ## - PUBLICATION, DISTRIBUTION, ETC.
Place of publication, distribution, etc. Manchester
Name of publisher, distributor, etc. University Press
Date of publication, distribution, etc. 1986
300 ## - PHYSICAL DESCRIPTION
Extent 209p
Dimensions cm.
490 ## - SERIES STATEMENT
Series statement Textual sources for the study of religion
650 ## - SUBJECT ADDED ENTRY--TOPICAL TERM
Topical term or geographic name entry element Islam
9 (RLIN) 577
700 ## - ADDED ENTRY--PERSONAL NAME
Personal name Knappert Jan Ed.
9 (RLIN) 295905
942 ## - ADDED ENTRY ELEMENTS (KOHA)
Classification part Q7, M6
Koha item type General Books
Source of classification or shelving scheme Colon Classification (CC)
Holdings
Withdrawn status Lost status Damaged status Not for loan Home library Current library Date acquired Total Checkouts Full call number Barcode Date last seen Price effective from Koha item type
        Ratan Tata Library Ratan Tata Library 2022-09-25   Q7 M6 RT0951643 2022-09-25 2022-09-25 General Books
Copyright @ Delhi University Library System